=LDR 00000nam 2200000 4500 =001 INLIS000000000023907 =005 20200513094810 =035 ##$$a 0010-061300000023907 =008 200513################g##########0#ind## =041 ##$$a ind =082 ##$$a 2x4.141 =090 ##$$a 2x4.4, SHA m =100 1#$$a Shalih, Muhammad bin Ahmad =245 1#$$a Manajemen Islami harta kekayaan /$c Dr. Muhammad bin Ahmad Ash-Shalih =260 ##$$a Solo :$b Era Intermedia,$c 2001 =300 ##$$a 195 hlm. ; $c 13 x 19 cm. =650 #4$$a Hukum waris Islam =850 ##$$a NBPNMAT =020 ##$$a 979-9183-83-9 =084 ##$$a 2x4.141 ASH m =250 ##$$a Cet. 2 =500 ##$$a Judul Asli : At-Takaful Al-Ijtima'i fi Asy-Syari'ah Al-Islamiyah wa Dauruhu fi Himayati Al-Mal Al-Am wa Al-Khash =990 ##$$a 1036411 =990 ##$$a 00089274 =990 ##$$a 1036412 =990 ##$$a 1036414